00525nam a2200133Ia 4500008004100000100002600041245006500067260006400132300001800196650001500214856007000229999001900299952007300318160712s9999 xx 000 0 und d aChaves, Thomas David. cThomas David ChavesaPrize Roosters, Show Dogs, Pure Hogwash c2013bJournal of English Studies and Comparative Literature avol. 13 no. 1 xLITERATURE uhttp://journals.upd.edu.ph/index.php/jescl/issue/view/410/showToc c297324d297324 001040aCLbCLd2016-07-12l0r2016-07-12 00:00:00w2016-07-12yFEJ